000 01320cam a22003737a 4500
003 CHAP
005 20220329135928.0
008 971013s1979 r 00010 d
010 _a44243
011 _a45215
035 _a49354
040 _cCHAP
090 _aTesis
100 0 0 _aTapia Vargas, Gualberto.
_9111662
245 1 3 _aEl triticale, un inicio de adopción de tecnología, caso; municipio de Erongarícuaro, Michoacán
260 _aChapingo, Méx. :
_bEl autor,
_c1979
300 _a83 h.
_b: apénd. ; mapa
502 _aTesis (M. en C. Esp. en Economía Agrícola) -- SARH. Colegio de Postgraduados
590 _aALEPH
_b10
_c20130110
_lUCH01
_h1313
590 _aBATCH-UPD
_b10
_c20130109
_lUCH01
_h2326
590 _aBATCH-UPD
_b10
_c20130110
_lUCH01
_h2014
590 _aBATCH-UPD
_b10
_c20130409
_lUCH01
_h1851
590 _aBATCH-UPD
_b10
_c20130410
_lUCH01
_h1332
590 _aBATCH-UPD
_b10
_c20130914
_lUCH01
_h2042
590 _aCONVERSION
_b10
_c20130109
_lUCH01
_h1324
650 1 4 _aAgricultura
_xInnovaciones tecnológicas.
_91565
650 1 4 _aTriticale.
_9115195
650 1 4 _aTriticale
_xMichoacán.
_9115220
901 _aBK
942 _cFOLL
949 _bBC
_cTES
_d-111372
_eTS1
_i49354
_si
949 _bBC
_cTES
_d-111375
_eTS2
_fc.2
_i49354
_si
949 _bBC
_cTES
_d-111376
_eTS2
_fc.3
_i49354
_si
999 _c44243
_d44243